000 01050 a2200289 4500
999 _c535204
_d535204
003 OSt
005 20200831132106.0
008 120207t xxu||||| |||| 00| 0 eng d
010 _a 2001362876
020 _a978-0074632185
035 _a(DLC) 2001362876
038 _aMSOHAIL
040 _c0
082 0 0 _a720.472
_bKRI
245 0 0 _aClimate responsive architecture :
_ba design handbook for energy efficient buildings /
_ceditors, Arvind Krishan ... [et al.].
260 _aNew Delhi ;
_aNew York :
_bTata McGraw-Hill Pub. Co.,
_cc2001.
300 _axxiii, 409 p. :
_bill., map ;
_c24 x 32 cm.
520 _aPapers presented at an international workshop held in 1995.
650 0 _aDwellings
_xEnergy conservation
_929650
700 1 _aKrishan, Arvind.
_929651
700 1 _4Baker, Nick
700 1 _4Yannas, Simos
700 1 _4Szokolay, S. V.
942 _aSADA
_cBK
_k720.472 CLI 2001
_2ddc